|
|
|
|
| LEADER |
00000cam a2200000 7i4500 |
| 001 |
0000019718 |
| 005 |
20080618.0 |
| 008 |
080618 |
| 020 |
|
|
|a 1582790280
|
| 090 |
0 |
0 |
|a 940.3
|b GRE
|
| 245 |
1 |
4 |
|a The great war :
|b the illustrated history of the first world war, volume IV
|c edited by H. W. Wilson and J. A. Hammerton
|
| 250 |
|
|
|a Volume 7 & volume 8 in volume 4
|
| 260 |
|
|
|a USA :
|b Trident Press International ,
|c 1999
|
| 440 |
|
4 |
|a The great war : the illustrated history of the first world war
|
| 650 |
|
0 |
|a War
|x Carnage
|
| 700 |
1 |
|
|a Hammerton, J. A
|
| 700 |
1 |
|
|a Wilson, H. W
|
| 999 |
|
|
|a 0000826157
|b Book
|c REFERENCE
|e Cawangan Segamat
|
| 999 |
|
|
|a 0001025549
|b Book
|c REFERENCE
|e Perbadanan Perpustakaan Awam Johor
|
| 999 |
|
|
|a 0001394996
|b Book
|c Adult Collection
|e Cawangan AEON Kulaijaya
|
| 999 |
|
|
|a 0001442127
|b Book
|c Adult Collection
|e Cawangan Tmn. Ungku Tun Aminah
|
| 999 |
|
|
|a 0001442128
|b Book
|c Adult Collection
|e Cawangan Tmn. Ungku Tun Aminah
|